Quel che l'agricoltore chietino deve sapere

Gespeichert in:
Bibliographische Detailangaben
1. Verfasser: Gentile, Nicodemo (VerfasserIn)
Format: Buch
Sprache:Italienisch
Erschienen: Chieti : Officine grafiche Bonanni, 1940
Katalog:EDISCO:  Suchergebnis im Bibliothekskatalog
Schulbuchspezifische Eigenschaften:
Schlagworte:
Tags: Tag hinzufügen
Keine Tags, Fügen Sie den ersten Tag hinzu!
Hinzugefügt zu:30.04.2016
Geändert in:18.10.2017

MARC

LEADER 00000aam a22000001 4500
001 00569
003 OSt
005 20171018093243.0
008 160501s1940 it 000 0 ita
040 |c Antonio Parlati - L'Acquila 
041 1 |a ita 
100 1 |a Gentile, Nicodemo  |e Author  |9 617 
245 0 0 |a Quel che l'agricoltore chietino deve sapere /  |c Nicodemo Gentile 
260 |a Chieti :  |b Officine grafiche Bonanni,  |c 1940 
300 |a 84 p., 1/1 ;   |c in 8° 
650 4 |a Agronomia e istruzione agraria  |9 50 
655 |a Libro premio  |9 21 
690 7 |a Educazione degli adulti  |9 23 
901 |a 1 
942 |2 ddc  |c BK 
546 |a ita 
999 |c 559  |d 559 
999 |c edisco:559  |d 559